| 000 | 00763nam a2200193 a 4500 | ||
|---|---|---|---|
| 003 | 0 | ||
| 005 | 20250219105202.0 | ||
| 008 | 110622s19uu xx 00 eng d | ||
| 050 |
_aPHS MT 6 _b.Eb7 2011 |
||
| 100 | _aEnriquez, Reyna Lo. | ||
| 245 |
_aMusical orientation and extent of interest in music of selected fourth year students of Southville International School and Colleges / / _cReyna Lo Enriquez. |
||
| 260 |
_aLas PiƱas City, Philippines : _bSouthville International School and Colleges, _c2011. |
||
| 300 |
_a32 pages : _billustrations ; _c28 cm. |
||
| 504 | _aIncludes bibliographical references. | ||
| 650 |
_aMusic appreciation _vStudents. |
||
| 650 |
_aMusic _vSocial aspects. |
||
| 650 |
_aStudents _vAttitudes toward music. |
||
| 942 |
_2lcc _cPASS |
||
| 999 |
_c98588 _d98588 |
||